header

Godfrey of Fontaine's abridgement of Boethius of Dacia's Modi significandi, sive Quaestiones super Priscianum maiorem (Record no. 217363)

MARC details
000 -LEADER
fixed length control field 01942nam a2200421 a 4500
082 04 - DEWEY DECIMAL CLASSIFICATION NUMBER
Classification number 415
100 0# - MAIN ENTRY--AUTHOR NAME
Personal name Boethius,
245 10 - TITLE STATEMENT
Title Godfrey of Fontaine's abridgement of Boethius of Dacia's Modi significandi, sive Quaestiones super Priscianum maiorem
260 ## - PUBLICATION, DISTRIBUTION, ETC. (IMPRINT)
Place of publication Amsterdam :
Name of publisher J. Benjamins,
Year of publication 1980.
300 ## - PHYSICAL DESCRIPTION
Number of Pages ix, 237 p.
490 1# - SERIES STATEMENT
Series statement Amsterdam studies in the theory and history of linguistic science. Series III, Studies in the history of linguistics,
500 ## - GENERAL NOTE
General note Text in English and Latin; notes in English.
650 #0 - SUBJECT ADDED ENTRY--TOPICAL TERM
Topical Term Speculative grammar.
Topical Term Logic, Medieval.
700 0# - ADDED ENTRY--PERSONAL NAME
Personal name Godfrey,
Personal name McDermott, A. Charlene Senape.
856 40 - ELECTRONIC LOCATION AND ACCESS
Uniform Resource Identifier http://site.ebrary.com/lib/rucke/Doc?id=10509497

No items available.

© 2026 Rongo University
Contact us: librarian | system librarian | Rongo university